Online
Catalog

Obras completas de Marco Tulio Cicerón / (Record no. 18803)

MARC details
000 -CABECERA
campo de control de longitud fija 01658nam a2200301 a 4500
001 - NÚMERO DE CONTROL
campo de control 000019285
005 - FECHA Y HORA DE LA ÚLTIMA TRANSACCIÓN
campo de control 20200929165955.0
008 - DATOS DE LONGITUD FIJA--INFORMACIÓN GENERAL
campo de control de longitud fija 100531m19121914sp 000 m spa d
040 ## - FUENTE DE LA CATALOGACIÓN
Centro catalogador/agencia de origen DO-SdBNP
Lengua de catalogación spa
Centro/agencia transcriptor BNPHU
082 ## - NÚMERO DE LA CLASIFICACIÓN DECIMAL DEWEY
Número de clasificación 885.1
Número de documento/Ítem C485ób
049 ## - FONDOS LOCALES (OCLC)
Fondos de biblioteca BNGR
100 1# - ENTRADA PRINCIPAL--NOMBRE DE PERSONA
Nombre de persona Cicerón, Marcus Tullius,
Fechas asociadas al nombre 106 a.C.-43 a.C.
9 (RLIN) 41462
245 10 - MENCIÓN DE TÍTULO
Título Obras completas de Marco Tulio Cicerón /
Mención de responsabilidad, etc. Marco Tulio Cicerón.
260 ## - PUBLICACIÓN, DISTRIBUCIÓN, ETC.
Lugar de publicación, distribución, etc. Madrid :
Nombre del editor, distribuidor, etc. Librería de Perlado Páez,
Fecha de publicación, distribución, etc. 1912-1914.
300 ## - DESCRIPCIÓN FÍSICA
Extensión v. ;
Dimensiones 18 cm.
490 1# - MENCIÓN DE SERIE
Mención de serie Biblioteca clásica
Designación de volumen o secuencia 59-86
505 0# - NOTA DE CONTENIDO CON FORMATO
Información miscelánea t. 3.
Mención de responsabilidad Traducción del latín por Marcelino Menéndez Pelayo. --
Información miscelánea t. 4.
Mención de responsabilidad Traducción al castellano de Manuel de Valbuena. --
Información miscelánea t. 5.
Mención de responsabilidad Traducción al castellano de Marcelino Menéndez y Pelayo. --
Información miscelánea t. 6.
Mención de responsabilidad Traducción al castellano de Francisco Navarro y Calvo. --
Información miscelánea t. 7.
Título Epístolas familiares I /
Mención de responsabilidad traducción al castellano de Pedro Simón Abril. --
Información miscelánea t. 8.
Título Epístolas familiares II /
Mención de responsabilidad traducción al castellano de Pedro Simón Abril. --
Información miscelánea t. 9.
Título Cartas políticas I /
Mención de responsabilidad traducción al castellano de Francisco Navarro y Calvo. --
Información miscelánea t. 10.
Título Cartas políticas II /
Mención de responsabilidad traducción al castellano de Francisco Navarro y Calvo.
600 10 - PUNTO DE ACCESO ADICIONAL DE MATERIA--NOMBRE DE PERSONA
Nombre de persona CICERÓN, MARCO TULIO,
Fechas asociadas al nombre 106 a.C.-43 a. C.
Subdivisión general COLECCIONES DE ESCRITOS
9 (RLIN) 41467
650 #4 - PUNTO DE ACCESO ADICIONAL DE MATERIA--TÉRMINO DE MATERIA
Término de materia o nombre geográfico como elemento de entrada Oratoria griega
9 (RLIN) 25554
650 #4 - PUNTO DE ACCESO ADICIONAL DE MATERIA--TÉRMINO DE MATERIA
Término de materia o nombre geográfico como elemento de entrada Retórica antigua
9 (RLIN) 35130
650 #4 - PUNTO DE ACCESO ADICIONAL DE MATERIA--TÉRMINO DE MATERIA
Término de materia o nombre geográfico como elemento de entrada Literatura griega
9 (RLIN) 2386
700 1# - PUNTO DE ACCESO ADICIONAL--NOMBRE DE PERSONA
Nombre de persona Navarro y Calvo, Francisco,
Término indicativo de función/relación tr.
9 (RLIN) 41477
700 1# - PUNTO DE ACCESO ADICIONAL--NOMBRE DE PERSONA
Nombre de persona Abril, Pedro Simón,
Término indicativo de función/relación tr.
9 (RLIN) 41478
700 1# - PUNTO DE ACCESO ADICIONAL--NOMBRE DE PERSONA
Nombre de persona Valbuena, Manuel de,
Término indicativo de función/relación tr.
9 (RLIN) 41479
700 1# - PUNTO DE ACCESO ADICIONAL--NOMBRE DE PERSONA
Nombre de persona Menéndez Pelayo, Marcelino,
Término indicativo de función/relación tr.
9 (RLIN) 41480
830 #0 - PUNTO DE ACCESO ADICIONAL DE SERIE-TÍTULO UNIFORME
Título uniforme Biblioteca clásica ;
Número de parte o sección de la obra 59-86
9 (RLIN) 41481
910 ## - DATOS DE OPCIÓN DEL USUARIO (OCLC)
Datos de opción del usuario WM
Holdings
Estado de retiro Estado de pérdida Restricciones de uso No para préstamo Código de colección Localización permanente Ubicación/localización actual Ubicación en estantería Fecha de adquisición Número de inventario Total de préstamos Signatura topográfica completa Código de barras Fecha visto por última vez Precio válido a partir de Tipo de ítem Koha
        Monografías: Libros y Folletos General General Depósito 31.05.2010 LF1   885.1 C485ób | v. 3 19285-10 25.06.2020 25.06.2020 Préstamo en sala
        Monografías: Libros y Folletos General General Depósito 31.05.2010 LF1   885.1 C485ób | v. 4 19285-20 25.06.2020 25.06.2020 Préstamo en sala
        Monografías: Libros y Folletos General General Depósito 31.05.2010 LF1   885.1 C485ób | v. 5 19285-30 25.06.2020 25.06.2020 Préstamo en sala
        Monografías: Libros y Folletos General General Depósito 31.05.2010 LF1   885.1 C485ób | v. 6 19285-40 25.06.2020 25.06.2020 Préstamo en sala
        Monografías: Libros y Folletos General General Depósito 31.05.2010 LF1   885.1 C485ób | v. 7 19285-50 25.06.2020 25.06.2020 Préstamo en sala
        Monografías: Libros y Folletos General General Depósito 31.05.2010 LF1   885.1 C485ób | v. 8 19285-60 25.06.2020 25.06.2020 Préstamo en sala
        Monografías: Libros y Folletos General General Depósito 31.05.2010 LF1   885.1 C485ób | v. 9 19285-70 25.06.2020 25.06.2020 Préstamo en sala
        Monografías: Libros y Folletos General General Depósito 31.05.2010 LF1   885.1 C485ób | v. 10 19285-80 25.06.2020 25.06.2020 Préstamo en sala

Powered by Koha